| 000 | 00757nas a2200253 4500 | ||
|---|---|---|---|
| 001 | BR0000924 | ||
| 003 | BR-BrBNA | ||
| 005 | 20231205101755.0 | ||
| 007 | ta | ||
| 008 | 230509b bl.|||p| |||| 00| 00por d | ||
| 040 |
_aBR-BrBNA _bpor _cBiblioteca Nacional de Agricultura |
||
| 041 | _a(Pt) | ||
| 072 | _aL74 | ||
| 100 | 1 | _aEstevez, J.O. | |
| 100 | 1 | _ade la Sota, R.L. | |
| 100 | 1 | _aGobello, M.C. | |
| 245 | 1 | _aFibroadenomatous mammary hyperplasia in a neutered male cat | |
| 650 | _aGato | ||
| 650 | _aGlandula Mamaria | ||
| 650 | _aHiperplasia | ||
| 773 | 0 |
_tRevista Brasileira de Reproducao Animal (Brazil) _xISSN 0102-0830 _g(Jul-Sep 1999), v. 23(3) p. 469-470 _wBR0000924 |
|
| 909 |
_a202311 _bLúcia _c55 _dLúcia Elande |
||
| 942 |
_2AGRIS _n0 _cANA |
||
| 999 |
_c163802 _d163802 |
||